[Event "8. Lovfalds EMT Basis 6 1994"]
[Site "Ringsted"]
[Date "1994.09.02"]
[Round "1"]
[White "Nielsen, Poul"]
[Black "Jacobsen, Niels"]
[Result "1-0"]
[WhiteElo "1126"]
[BlackElo "1209"]
[PlyCount "121"]
[EventDate "1994.??.??"]

1. d4 d5 2. e3 Nf6 3. Nc3 e6 4. a3 c5 5. b3 Nc6 6. Nf3 Bd6 7. Nb5 a6 8. Nxd6+
Qxd6 9. Bd3 b5 10. Bb2 c4 11. Be2 Rb8 12. b4 O-O 13. c3 Bd7 14. Nd2 a5 15. O-O
Ra8 16. f4 Ra7 17. Bf3 Ne7 18. Qc2 Nf5 19. Rfe1 Rfa8 20. g3 axb4 21. axb4 Rxa1
22. Bxa1 Bc6 23. Bb2 Ra2 24. Qb1 Ra7 25. e4 dxe4 26. Nxe4 Bxe4 27. Bxe4 Nxe4
28. Qxe4 Ra2 29. Qb1 Ra6 30. Re5 Qc6 31. Rc5 Qb7 32. Qe1 Rc6 33. Rxc6 Qxc6 34.
Qe5 g6 35. Qb8+ Kg7 36. Bc1 h5 37. Qe5+ Kf8 38. Qc5+ Qd6 39. Qxb5 Ne7 40. Qxc4
Nd5 41. Ba3 Kg7 42. Bc1 Qb6 43. Qc5 Qa6 44. c4 Nc3 45. Qe5+ Kg8 46. Bb2 Qxc4
47. Qb8+ Kg7 48. Bxc3 Qxc3 49. Qe5+ Kf8 50. Qc5+ Qxc5 51. dxc5 Ke8 52. Kf2 Kd7
53. Ke3 Kc6 54. Kd4 f6 55. Kc4 Kc7 56. b5 Kd7 57. c6+ Kd6 58. Kb4 e5 59. Ka5 e4
60. Kb6 e3 61. c7 1-0

[Event "8. Lovfalds EMT Basis 6 1994"]
[Site "Ringsted"]
[Date "1994.09.02"]
[Round "1"]
[White "Astrup, Knud"]
[Black "Rasmussen, Kasper"]
[Result "1-0"]
[WhiteElo "1210"]
[BlackElo "1000"]
[PlyCount "85"]
[EventDate "1994.??.??"]

1. d4 d5 2. Nf3 Nc6 3. g3 Bg4 4. Bg2 e6 5. e3 Nf6 6. Nbd2 Bb4 7. a3 Bxd2+ 8.
Bxd2 O-O 9. h3 Bxf3 10. Bxf3 Ne4 11. Bxe4 dxe4 12. Qe2 e5 13. dxe5 Nxe5 14.
O-O-O Qe7 15. Bb4 Qe6 16. Kb1 Rfd8 17. h4 c6 18. Rd4 Rxd4 19. exd4 Nc4 20. Re1
a5 21. Bc3 b5 22. Qxe4 Qxe4 23. Rxe4 b4 24. axb4 axb4 25. Bxb4 Rb8 26. Ka2 h6
27. Bc3 f5 28. Re2 Kf7 29. Kb1 Kf6 30. Kc1 g5 31. d5+ Kg6 32. Re6+ Kf7 33. Rxc6
Nb6 34. d6 gxh4 35. gxh4 Nd5 36. Be5 Nb4 37. d7 Nxc6 38. Bxb8 Kg7 39. Bc7 Kf8
40. d8=Q+ Nxd8 41. Bxd8 Ke8 42. Ba5 Kd7 43. b4 1-0

[Event "8. Lovfalds EMT Basis 6 1994"]
[Site "Ringsted"]
[Date "1994.09.02"]
[Round "1"]
[White "Nielsen, Kurt"]
[Black "Dinesen, Henrik"]
[Result "1-0"]
[WhiteElo "1210"]
[BlackElo "1189"]
[PlyCount "27"]
[EventDate "1994.??.??"]

1. d4 Nf6 2. c4 d6 3. Nc3 Bf5 4. Nf3 Nbd7 5. g3 c6 6. Bg2 e5 7. dxe5 Nxe5 8.
Nxe5 dxe5 9. O-O Qc7 10. e4 Rd8 11. Qb3 Bg6 12. Bg5 Be7 13. Be3 a6 14. Bb6 1-0

[Event "8. Lovfalds EMT Basis 6 1994"]
[Site "Ringsted"]
[Date "1994.09.02"]
[Round "1"]
[White "Schmidt, Hans Christian"]
[Black "Vilsgaard, Lars"]
[Result "1/2-1/2"]
[WhiteElo "1102"]
[BlackElo "1121"]
[PlyCount "47"]
[EventDate "1994.??.??"]

1. e4 e5 2. Nf3 Nc6 3. Bb5 d6 4. d4 Bd7 5. dxe5 Nxe5 6. Bxd7+ Qxd7 7. Nxe5 dxe5
8. Qxd7+ Kxd7 9. O-O Nf6 10. Rd1+ Ke6 11. Nc3 Bb4 12. Nb5 Bd6 13. Nc3 h6 14. b3
a6 15. Rf1 Rhd8 16. f3 Rd7 17. Bb2 c6 18. Kh1 Rad8 19. Na4 Rb8 20. Nb6 Rdd8 21.
Rad1 Nd7 22. Nc4 Bc7 23. f4 f6 24. f5+ 1/2-1/2

[Event "8. Lovfalds EMT Basis 6 1994"]
[Site "Ringsted"]
[Date "1994.09.02"]
[Round "1"]
[White "Nikolajsen, Martin"]
[Black "Christoffersen, Peter"]
[Result "0-1"]
[WhiteElo "1060"]
[BlackElo "1181"]
[PlyCount "84"]
[EventDate "1994.??.??"]

1. e4 c5 2. Bc4 e6 3. Nf3 d5 4. exd5 exd5 5. Qe2+ Ne7 6. Bb5+ Bd7 7. Bxd7+ Qxd7
8. d4 cxd4 9. Nxd4 Nbc6 10. Nxc6 bxc6 11. O-O g6 12. b3 Bg7 13. c3 O-O 14. Bb2
Rfe8 15. c4 Nf5 16. Qd2 Rad8 17. Bxg7 Kxg7 18. Nc3 dxc4 19. Qxd7 Rxd7 20. b4
Rd3 21. Rac1 Nd4 22. Rfd1 Rxc3 23. Rxc3 Ne2+ 24. Kh1 Nxc3 25. Ra1 Re2 26. h3
Rxf2 27. Rc1 Nxa2 28. Rxc4 Rf1+ 29. Kh2 Rc1 30. Rg4 Rb1 31. Rc4 Nxb4 32. Kg3 a5
33. Rc5 Rb3+ 34. Kh2 a4 35. Ra5 a3 36. h4 a2 37. h5 Rb1 38. hxg6 hxg6 39. Kg3
a1=Q 40. Rc5 Qa3+ 41. Kg4 f5+ 42. Kf4 Nd3+ 0-1

[Event "8. Lovfalds EMT Basis 6 1994"]
[Site "Ringsted"]
[Date "1994.09.09"]
[Round "2"]
[White "Nielsen, Kurt"]
[Black "Astrup, Knud"]
[Result "1-0"]
[WhiteElo "1210"]
[BlackElo "1210"]
[PlyCount "49"]
[EventDate "1994.??.??"]

1. Nf3 e6 2. c4 Nf6 3. Nc3 d5 4. cxd5 Nxd5 5. g3 c6 6. Bg2 Nd7 7. O-O N7f6 8.
e4 Nxc3 9. dxc3 Qxd1 10. Rxd1 Nxe4 11. Ne5 Nd6 12. Nxc6 Bd7 13. Ne5 O-O-O 14.
Be3 Kb8 15. Bc5 f6 16. Bxd6+ Bxd6 17. Nf7 Ba4 18. b3 Bb5 19. Nxh8 Rxh8 20. Rxd6
e5 21. c4 Kc7 22. Rad1 Bc6 23. Bxc6 bxc6 24. Rd7+ Kb6 25. Rxg7 1-0

[Event "8. Lovfalds EMT Basis 6 1994"]
[Site "Ringsted"]
[Date "1994.09.09"]
[Round "2"]
[White "Christoffersen, Peter"]
[Black "Nielsen, Poul"]
[Result "1-0"]
[WhiteElo "1181"]
[BlackElo "1126"]
[PlyCount "67"]
[EventDate "1994.??.??"]

1. c4 e5 2. Nc3 Nf6 3. g3 Bc5 4. Bg2 c6 5. e3 O-O 6. d4 exd4 7. exd4 Re8+ 8.
Nge2 Bb4 9. O-O Na6 10. a3 Be7 11. Bf4 Nh5 12. Re1 d6 13. Qd2 Nxf4 14. Nxf4 Bg5
15. Rxe8+ Qxe8 16. Re1 Qf8 17. d5 Bd7 18. Ne4 Be7 19. h4 h6 20. Nc3 Rc8 21. Qd4
Bf6 22. Qxa7 Nc5 23. Ne4 Ra8 24. Nxf6+ gxf6 25. Qb6 Ra6 26. Qc7 Ra8 27. b4 Rc8
28. Qb6 Nb3 29. Qxb7 Qd8 30. dxc6 Rc7 31. cxd7 Rxb7 32. Re8+ Kg7 33. Rxd8 Nd4
34. Rg8+ 1-0

[Event "8. Lovfalds EMT Basis 6 1994"]
[Site "Ringsted"]
[Date "1994.09.09"]
[Round "2"]
[White "Jacobsen, Niels"]
[Black "Schmidt, Hans Christian"]
[Result "1/2-1/2"]
[WhiteElo "1209"]
[BlackElo "1102"]
[PlyCount "144"]
[EventDate "1994.??.??"]

1. d4 d5 2. c4 e6 3. Nf3 Nf6 4. Nc3 c5 5. e3 Nc6 6. cxd5 Nxd5 7. Bb5 Bd7 8. O-O
cxd4 9. Nxd5 exd5 10. Bxc6 Bxc6 11. Qxd4 f6 12. Qg4 Qd7 13. Qd4 Bd6 14. b3 O-O
15. Bb2 Qe6 16. Rac1 Qe4 17. Rfd1 Qxd4 18. Nxd4 Rac8 19. Nf5 Be5 20. Bxe5 fxe5
21. Ne7+ Kh8 22. Nxc8 Rxc8 23. a4 Rd8 24. e4 d4 25. f3 a6 26. Rc5 Re8 27. Kf2
g6 28. Rdc1 Kg7 29. b4 Re7 30. Rxc6 bxc6 31. Rxc6 Rb7 32. Rxa6 Rxb4 33. a5 Rb2+
34. Kf1 Rb5 35. Ra7+ Kh6 36. a6 Ra5 37. Ra8 Kg5 38. a7 Ra2 39. Ke1 d3 40. Rd8
Rxa7 41. Rxd3 Kf6 42. Kf2 Ra2+ 43. Kg3 Ke6 44. Rc3 Ra6 45. Rc7 h5 46. Kh4 Kf6
47. g4 hxg4 48. Kxg4 Ra2 49. h4 Rg2+ 50. Kh3 Rg1 51. Kh2 Rf1 52. Kg2 Re1 53.
Rh7 Rd1 54. h5 Rd2+ 55. Kg3 gxh5 56. Rxh5 Rd8 57. Rh6+ Ke7 58. Kg4 Rg8+ 59. Kh3
Rg7 60. Rh5 Ke6 61. Kh4 Rf7 62. Kg4 Rf4+ 63. Kg3 Rf8 64. Rh6+ Ke7 65. Rg6 Rf4
66. Rg5 Ke6 67. Rg4 Rf8 68. f4 exf4+ 69. Rxf4 Rg8+ 70. Kf3 Rb8 71. Rf5 Rb1 72.
Rh5 Rf1+ 1/2-1/2

[Event "8. Lovfalds EMT Basis 6 1994"]
[Site "Ringsted"]
[Date "1994.09.09"]
[Round "2"]
[White "Vilsgaard, Lars"]
[Black "Nikolajsen, Martin"]
[Result "1/2-1/2"]
[WhiteElo "1121"]
[BlackElo "1060"]
[PlyCount "104"]
[EventDate "1994.??.??"]

1. e4 e5 2. Nf3 Nc6 3. Bb5 a6 4. Bxc6 dxc6 5. d3 Bg4 6. O-O Bc5 7. h3 Bxf3 8.
Qxf3 Qf6 9. Qxf6 Nxf6 10. Bg5 Nh5 11. Nd2 O-O 12. Nb3 Bd4 13. c3 Ba7 14. Rad1
c5 15. Be7 Rfe8 16. Bxc5 b6 17. Be3 c5 18. c4 Nf4 19. Rfe1 Rad8 20. Kh2 Nxd3
21. Re2 Nb4 22. Rxd8 Rxd8 23. a3 Nc6 24. f3 h6 25. Kg3 Bb8 26. Kf2 Bc7 27. g3
Nd4 28. Bxd4 exd4 29. Rd2 h5 30. h4 f6 31. Rd3 g5 32. hxg5 fxg5 33. a4 a5 34.
Kg2 Kg7 35. Nc1 Rh8 36. Ne2 Rf8 37. Ng1 Kg6 38. Ne2 Kh6 39. b3 Rg8 40. g4 h4
41. Kh3 Bb8 42. Kg2 Kg6 43. Kh3 Rh8 44. Nc1 Bf4 45. Ne2 Bb8 46. Rd1 Rd8 47. Nc1
Bf4 48. Nd3 Bb8 49. Rf1 Rh8 50. e5 Re8 51. Re1 Rf8 52. Rf1 Re8 1/2-1/2

[Event "8. Lovfalds EMT Basis 6 1994"]
[Site "Ringsted"]
[Date "1994.09.16"]
[Round "3"]
[White "Astrup, Knud"]
[Black "Nielsen, Poul"]
[Result "1-0"]
[WhiteElo "1210"]
[BlackElo "1126"]
[PlyCount "117"]
[EventDate "1994.??.??"]

1. d4 d5 2. Nf3 Nf6 3. g3 e6 4. c4 c6 5. cxd5 exd5 6. Bg5 h6 7. Bxf6 Qxf6 8. e3
Bb4+ 9. Nbd2 Bg4 10. Be2 Nd7 11. Ng1 Bf5 12. a3 Be4 13. f3 Bxd2+ 14. Qxd2 Bg6
15. Kf2 O-O 16. Bd3 Rfe8 17. Nh3 Bxd3 18. Qxd3 Qe7 19. Rhe1 g5 20. g4 Qf6 21.
a4 Re6 22. Re2 Rae8 23. Rae1 Nb6 24. b3 Nd7 25. Kg3 b6 26. b4 R6e7 27. f4 Qd6
28. Qd2 Nf6 29. Nf2 Ne4+ 30. Nxe4 Rxe4 31. Kf3 Qg6 32. f5 Qh7 33. h3 h5 34. Rh2
f6 35. Qc2 Qe7 36. Qd3 Qxb4 37. Qd1 Qc3 38. Rhe2 R8e7 39. Qc2 Rf4+ 40. Kg2 Qxc2
41. Rxc2 Rxd4 42. exd4 Rxe1 43. Rxc6 hxg4 44. hxg4 Ra1 45. Rxf6 Rxa4 46. Rg6+
Kf7 47. Rxg5 Rxd4 48. Kf3 Rc4 49. Rg6 b5 50. Rd6 d4 51. g5 Ke7 52. Re6+ Kd7 53.
g6 d3 54. Ke3 d2 55. Kxd2 Rf4 56. Re5 b4 57. g7 Rg4 58. f6 Kd6 59. Re8 1-0

[Event "8. Lovfalds EMT Basis 6 1994"]
[Site "Ringsted"]
[Date "1994.09.16"]
[Round "3"]
[White "Christoffersen, Peter"]
[Black "Nielsen, Kurt"]
[Result "1/2-1/2"]
[WhiteElo "1181"]
[BlackElo "1210"]
[PlyCount "47"]
[EventDate "1994.??.??"]

1. e4 c6 2. d4 d5 3. Nc3 dxe4 4. Nxe4 Bf5 5. Ng3 Bg6 6. Nf3 h6 7. Bc4 e6 8. O-O
Nf6 9. Re1 Be7 10. c3 Nbd7 11. a4 Nb6 12. Bd3 Bxd3 13. Qxd3 a5 14. Ne4 Nbd5 15.
Nxf6+ Bxf6 16. h3 Qc7 17. Bd2 Be7 18. Ne5 Bg5 19. b4 Bxd2 20. Qxd2 axb4 21.
cxb4 O-O 22. Rec1 Qd6 23. Rcb1 b5 24. a5 1/2-1/2

[Event "8. Lovfalds EMT Basis 6 1994"]
[Site "Ringsted"]
[Date "1994.09.16"]
[Round "3"]
[White "Rasmussen, Kasper"]
[Black "Vilsgaard, Lars"]
[Result "0-1"]
[WhiteElo "1000"]
[BlackElo "1121"]
[PlyCount "88"]
[EventDate "1994.??.??"]

1. e4 e5 2. Nf3 Nc6 3. Bb5 d6 4. O-O Bd7 5. Nc3 a6 6. Bxc6 Bxc6 7. d3 h6 8. Be3
Nf6 9. d4 Nxe4 10. Nxe4 Bxe4 11. dxe5 Bxf3 12. Qxf3 dxe5 13. Qxb7 Bd6 14. Qc6+
Ke7 15. Bc5 Qb8 16. Bxd6+ cxd6 17. b3 Rc8 18. Qe4 Qb6 19. Qh4+ f6 20. c4 Qb4
21. Qg4 Rg8 22. Rfb1 Rac8 23. a3 Qc5 24. Rc1 d5 25. h3 d4 26. b4 Qa7 27. b5
axb5 28. cxb5 Rxc1+ 29. Rxc1 Qxa3 30. Rb1 Qa8 31. b6 Qb7 32. f3 Kf7 33. Qe4
Qxe4 34. fxe4 Rb8 35. Kf2 Ke7 36. Ke2 Kd6 37. Kd3 g6 38. Kc4 Kc6 39. Kd3 Rxb6
40. Rc1+ Kd6 41. g4 Rb3+ 42. Kc4 Rxh3 43. Ra1 Rc3+ 44. Kb5 Rc6 0-1

[Event "8. Lovfalds EMT Basis 6 1994"]
[Site "Ringsted"]
[Date "1994.09.23"]
[Round "4"]
[White "Nielsen, Poul"]
[Black "Schmidt, Hans Christian"]
[Result "1-0"]
[WhiteElo "1126"]
[BlackElo "1102"]
[PlyCount "69"]
[EventDate "1994.??.??"]

1. e4 c5 2. Nf3 Nc6 3. Bc4 d6 4. h3 Nf6 5. d3 h6 6. Nc3 e6 7. Be3 Be7 8. Bb5 a6
9. Bxc6+ bxc6 10. e5 Nd5 11. Qd2 Qa5 12. Ne4 Qxd2+ 13. Bxd2 dxe5 14. Nxe5 Bb7
15. Nc4 O-O 16. Ncd6 Bxd6 17. Nxd6 Bc8 18. Ne4 Nb4 19. Kd1 Rb8 20. Nxc5 Nd5 21.
b3 e5 22. Re1 Rb5 23. Ne4 Nb6 24. c4 Nxc4 25. dxc4 Rb8 26. Re3 f5 27. Nd6 e4
28. Nxc8 Rbxc8 29. Kc2 c5 30. Rae1 g5 31. f3 Rfe8 32. fxe4 Rxe4 33. Rxe4 fxe4
34. Rxe4 Rd8 35. Re6 1-0

[Event "8. Lovfalds EMT Basis 6 1994"]
[Site "Ringsted"]
[Date "1994.09.23"]
[Round "4"]
[White "Rasmussen, Kasper"]
[Black "Jacobsen, Niels"]
[Result "0-1"]
[WhiteElo "1000"]
[BlackElo "1209"]
[PlyCount "34"]
[EventDate "1994.??.??"]

1. e4 c5 2. Bc4 Nc6 3. Nc3 Nf6 4. Nf3 d6 5. O-O Bg4 6. Bb5 Qb6 7. d3 a6 8.
Bxc6+ bxc6 9. Be3 Qxb2 10. Qd2 Bxf3 11. gxf3 Qb7 12. Rab1 Qd7 13. Bg5 Qh3 14.
Bxf6 gxf6 15. d4 Rg8+ 16. Qg5 Rxg5+ 17. Kh1 Qg2# 0-1

[Event "8. Lovfalds EMT Basis 6 1994"]
[Site "Ringsted"]
[Date "1994.09.23"]
[Round "4"]
[White "Vilsgaard, Lars"]
[Black "Nielsen, Kurt"]
[Result "0-1"]
[WhiteElo "1121"]
[BlackElo "1210"]
[PlyCount "80"]
[EventDate "1994.??.??"]

1. e4 c6 2. Nf3 d5 3. exd5 cxd5 4. d4 Bg4 5. Nc3 Nf6 6. Be2 e6 7. O-O Nc6 8.
Bf4 Be7 9. a3 O-O 10. h3 Bh5 11. Re1 a6 12. Ne5 Bxe2 13. Rxe2 Qb6 14. Nxc6 bxc6
15. Rb1 a5 16. Re1 Nd7 17. Qd3 c5 18. Nxd5 exd5 19. Rxe7 c4 20. Qg3 Nf6 21. c3
Nh5 22. Qg5 Nxf4 23. Qxf4 Qg6 24. Ree1 a4 25. Qf3 Qc6 26. Re5 Ra5 27. Re2 Qg6
28. Ree1 Rb5 29. Qd1 Rb3 30. Qd2 h6 31. Rec1 Re8 32. g3 Reb8 33. Qc2 Qxc2 34.
Rxc2 Rxa3 35. Re2 Rab3 36. Re5 a3 37. Rxd5 a2 38. Ra1 Ra8 39. Rc5 Rxb2 40. Rb5
Rxb5 0-1

[Event "8. Lovfalds EMT Basis 6 1994"]
[Site "Ringsted"]
[Date "1994.09.23"]
[Round "4"]
[White "Astrup, Knud"]
[Black "Christoffersen, Peter"]
[Result "0-1"]
[WhiteElo "1210"]
[BlackElo "1181"]
[PlyCount "116"]
[EventDate "1994.??.??"]

1. c4 e5 2. Nc3 Nc6 3. Nf3 f5 4. d3 Nf6 5. e3 b6 6. g3 Bb7 7. Bg2 d6 8. O-O g6
9. Qe2 Bg7 10. b3 e4 11. Ne1 exd3 12. Nxd3 Ne4 13. Bxe4 fxe4 14. Nf4 Bxc3 15.
Bb2 Bxb2 16. Qxb2 Ne5 17. Rad1 Qf6 18. Qe2 O-O-O 19. Kg2 h5 20. h4 Rde8 21. Nd5
Bxd5 22. Rxd5 Qf3+ 23. Qxf3 Nxf3 24. Rfd1 Re7 25. b4 Rhe8 26. c5 dxc5 27. bxc5
Re5 28. cxb6 Rxd5 29. Rxd5 axb6 30. Rd1 Rd8 31. Ra1 Kb7 32. a4 Ra8 33. Kh3 c5
34. g4 c4 35. Kg3 c3 36. Rc1 Rc8 37. gxh5 gxh5 38. Kf4 c2 39. Kxe4 Nxh4 40. Kd3
Nf3 41. Ke2 Ne5 42. f4 Rc5 43. fxe5 Kc7 44. Kd3 Kd7 45. Kd4 Ke6 46. a5 Rd5+ 47.
Kc3 bxa5 48. Kb3 Rxe5 49. Rxc2 Rxe3+ 50. Ka4 Re5 51. Rc6+ Kf5 52. Rc8 h4 53.
Rf8+ Kg4 54. Rg8+ Rg5 55. Rd8 h3 56. Rd4+ Kg3 57. Rd3+ Kh4 58. Rd1 h2 0-1

[Event "8. Lovfalds EMT Basis 6 1994"]
[Site "Ringsted"]
[Date "1994.09.30"]
[Round "5"]
[White "Schmidt, Hans Christian"]
[Black "Nielsen, Kurt"]
[Result "1/2-1/2"]
[WhiteElo "1102"]
[BlackElo "1210"]
[PlyCount "59"]
[EventDate "1994.??.??"]

1. c4 c6 2. Nf3 d5 3. e3 Nf6 4. Nc3 Bg4 5. d4 e6 6. cxd5 exd5 7. Bd3 Bb4 8. a3
Ba5 9. b4 Bb6 10. Be2 O-O 11. O-O Nbd7 12. Bb2 Re8 13. h3 Bh5 14. Na4 Bc7 15.
Nc5 Nxc5 16. dxc5 a5 17. b5 Bxf3 18. Bxf3 cxb5 19. Bxf6 Qxf6 20. Qxd5 Rad8 21.
Qxb7 Qe5 22. g3 Rb8 23. Qd5 Qf6 24. Kg2 Be5 25. Rab1 Rbd8 26. Qc6 Qxc6 27. Bxc6
b4 28. axb4 axb4 29. Bb7 Bc3 30. Rfd1 1/2-1/2

[Event "8. Lovfalds EMT Basis 6 1994"]
[Site "Ringsted"]
[Date "1994.09.30"]
[Round "5"]
[White "Vilsgaard, Lars"]
[Black "Astrup, Knud"]
[Result "0-1"]
[WhiteElo "1121"]
[BlackElo "1210"]
[PlyCount "52"]
[EventDate "1994.??.??"]

1. e4 e6 2. Nf3 d5 3. Bd3 Nf6 4. exd5 exd5 5. O-O Bd6 6. h3 O-O 7. Nc3 c6 8.
Be2 Re8 9. d4 h6 10. Be3 Nbd7 11. Bd3 Ne4 12. Bxe4 dxe4 13. Nd2 f5 14. a3 Nf6
15. Qe2 f4 16. Bxf4 Bxf4 17. Ncxe4 Nxe4 18. Nxe4 Bf5 19. f3 Qxd4+ 20. Kh1 Bxe4
21. fxe4 Rxe4 22. Qf3 Rae8 23. Qb3+ Kh8 24. Qxb7 Qd2 25. Qxc6 Re1 26. Qf3 Qe3
0-1

[Event "8. Lovfalds EMT Basis 6 1994"]
[Site "Ringsted"]
[Date "1994.09.30"]
[Round "5"]
[White "Rasmussen, Kasper"]
[Black "Nikolajsen, Martin"]
[Result "0-1"]
[WhiteElo "1000"]
[BlackElo "1060"]
[PlyCount "56"]
[EventDate "1994.??.??"]

1. e4 e5 2. Nf3 Bc5 3. Nc3 Nf6 4. Nxe5 Qe7 5. d4 Bb4 6. Nd3 Nxe4 7. Bd2 Nxc3+
8. Ne5 Nxd1 9. Kxd1 Bxd2 10. Kxd2 Qb4+ 11. c3 Qxb2+ 12. Ke3 Qxc3+ 13. Bd3 c5
14. Nf3 cxd4+ 15. Nxd4 Qc5 16. Rac1 Qe5+ 17. Be4 O-O 18. Nf5 Re8 19. f3 Qxf5
20. f4 Rxe4+ 21. Kd2 Qd5+ 22. Kc2 Re2+ 23. Kc3 Qd2+ 24. Kc4 Qxa2+ 25. Kb4 Qd2+
26. Kb3 Qa2+ 27. Kb4 Nc6+ 28. Kc3 Qa3+ 0-1

[Event "8. Lovfalds EMT Basis 6 1994"]
[Site "Ringsted"]
[Date "1994.09.30"]
[Round "5"]
[White "Jacobsen, Niels"]
[Black "Christoffersen, Peter"]
[Result "0-1"]
[WhiteElo "1209"]
[BlackElo "1181"]
[PlyCount "60"]
[EventDate "1994.??.??"]

1. d4 Nf6 2. c4 e6 3. Bg5 c5 4. d5 d6 5. Nc3 g6 6. Bxf6 Qxf6 7. Nb5 Qd8 8. e3
exd5 9. Qxd5 a6 10. Nc3 Nc6 11. Rd1 Be6 12. Qe4 Bg7 13. Nge2 O-O 14. b3 Qa5 15.
Qd3 Nb4 16. Qd2 Bf5 17. Rc1 Nd3+ 18. Kd1 Nxf2+ 19. Ke1 Nxh1 20. g3 Bd7 21. Bg2
Bc6 22. e4 Nxg3 23. hxg3 Rad8 24. Kf2 f5 25. Qg5 fxe4+ 26. Ke3 Rf5 27. Qh4 Rdf8
28. Qe7 Qd8 29. Qe6+ R8f7 30. Rd1 Qg5+ 0-1